000 01057cam a22002411 4500
001 ne 68000116
003 DLC
005 20260227111836.0
008 861211s1958 iq bl 000 0 arar
010 _ane 68000116
035 _a(OCoLC)14956043
040 _aDLC
_cWaU
_dOCoLC
_dDLC
042 _apremarc
043 _aa-iq---
050 0 0 _aKMJ3056
_b.S53 1958
100 1 _aShaybānī, Ṭalʻat.
245 1 0 _aWāqiʻ al-milkīyah al-zirāʻīyah fī al-ʻIrāq.
260 _aBaghdād,
_bDār al-Ahālī lil-nashr wa-al-tawqīʻ,
_c1958.
300 _a194 p.
505 0 _aʻMlaḥiq al-baḥth. 1 - Qānūn al-iṣlāḥ al-zirāʻī al-ʻIrāqī raqm 30/958. 2 - Qānūn al- iṣlāh al-zirāʻī fī al-iqlīm al-shamālī (Sūriya) min al-Jumhūrīyah al-ʻArabīyah al-Muttaḥidah, 1958. 3 - Qānūn al-iṣlāḥ al-zirāʻī al-Miṣrī, 1952. 4 - Qānūn al-iṣlāḥ al-zirāʻī fī Jumhūriyat al-Ṣīn al-Shaʻbīyah 1950. p. 116-190.
504 _aBibliography: p. 191-194.
650 0 _aLand tenure
_xLaw and legislation
_zIraq.
999 _c49928
_d49928